CZĘŚCI CIAŁA ZWIERZĄT, KTÓRYCH NIE POSIADAJĄ LUDZIE - Statystyki

Ogólne statystyki
  • Ten quiz został rozwiązany 313 razy
  • Średni wynik to 4 z 7
Statystyki odpowiedzi
Odpowiedź % Poprawnych
OGON
97%
SKRZYDŁA
58%
PŁETWY
51%
PŁETWY
51%
KOPYTA
41%
ROGI
39%
PIÓRA
30%
Nie znaleziono quizów pasujących do podanych kryteriów
Rozkład punktacji
Procent ludzi z każdym wynikiem
Percentyl według liczby udzielonych odpowiedzi
Twoja historia wyników
Nie rozwiązałeś tego quizu